| 000 | 00583nam a22001817a 4500 | ||
|---|---|---|---|
| 003 | OSt | ||
| 005 | 20251205063512.0 | ||
| 008 | 251205b |||||||| |||| 00| 0 eng d | ||
| 020 | _a0-8036-3410-2. | ||
| 040 |
_aDWCL-Main lib _cOC |
||
| 082 |
_22nd ed. _aCirc. 610.7301 F278 1989 |
||
| 100 | _aJacqueline Fawcett | ||
| 245 |
_aAnalysis and evaluation of conceptual models of nursing _cJacqueline Fawcett |
||
| 260 |
_aPhiladelphia : _bF.A. Davis Company, _cc1989. |
||
| 300 |
_axiii, 392 pages; _c23 cm. |
||
| 650 | _21. Nursing-Philosophy. | ||
| 942 |
_2ddc _cBK-CIRC _e2nd ed. _kCirc. _n0 |
||
| 999 |
_c6949 _d6949 |
||